Préfectures et sous-préfectures commençant par la lettre M - Statistiques

Statistiques générales
  • Ce quiz a été pris 138 fois
  • Le résultat moyen est 16 sur 33
Statistiques - réponses
Préf/Sous-préf. % Correct
Marseille
91%
Metz
87%
Montpellier
82%
Mont-de-Marsan
79%
Moulins
72%
Mulhouse
72%
Le {Mans}
71%
Montauban
70%
Melun
66%
Montluçon
61%
Meaux
57%
Mamoudzou
55%
Mende
54%
Montbéliard
54%
Mayenne
49%
Mâcon
46%
Montmorillon
45%
Montreuil
42%
Marmande
41%
Millau
41%
Montargis
38%
Morlaix
38%
Mantes-la-Jolie
37%
Mamers
34%
Mirande
34%
Mortagne-au-Perche
34%
Mauriac
33%
Montbrison
32%
Muret
30%
Montbard
29%
Montdidier
25%
Le {Marin}
24%
Molsheim
20%
Aucun quiz correspondant
Distribution des résultats
% des personnes avec chaque résultat
Percentile par nombre de réponses
Votre historique - résultats
Vous n’avez pas pris ce quiz